La tumba de Tutmosis III (Record no. 91641)

MARC details
000 -LEADER
campo de control de longitud fija 01020nam a2200265 i 4500
001 - NÚMERO DE CONTROL
campo de control 91641
003 - IDENTIFICADOR DE NÚMERO DE CONTROL
campo de control ES-MaACL
005 - FECHA Y HORA DE LA ÚLTIMA TRANSACCIÓN
campo de control 20230906180755.0
007 - CAMPO FIJO DE DESCRIPCIÓN FÍSICA--INFORMACIÓN GENERAL
campo de control de longitud fija t|
008 - DATOS DE LONGITUD FIJA--INFORMACIÓN GENERAL
campo de control de longitud fija 050203s2004 sp ae |||| | spa d
020 ## - NÚMERO INTERNACIONAL ESTÁNDAR DEL LIBRO
Número Internacional Estándar del Libro 84-899113-55-2
080 ## - NÚMERO DE LA CLASIFICACIÓN DECIMAL UNIVERSAL
Número de la Clasificación Decimal Universal 929 Tutmosis (32) III (060.64)
080 ## - NÚMERO DE LA CLASIFICACIÓN DECIMAL UNIVERSAL
Número de la Clasificación Decimal Universal 904(623)(060.64)
245 03 - MENCIÓN DEL TÍTULO
Título La tumba de Tutmosis III
Resto del título : las horas oscuras del sol : Museo Arqueológico Nacional de Madrid, septiembre-noviembre 2004 /
Mención de responsabilidad, etc. [textos, Theodor Abt ... et al.].
260 ## - PUBLICACIÓN, DISTRIBUCIÓN, ETC.
Lugar de publicación, distribución, etc. [Madrid] :
Nombre del editor, distribuidor, etc. Fundación Santander Central Hispano,
Fecha de publicación, distribución, etc. [2004]
300 ## - DESCRIPCIÓN FÍSICA
Extensión 143 p. :
Otras características físicas il. col. y n., planos ;
Dimensiones 31 cm.
600 04 - PUNTO DE ACCESO ADICIONAL DE MATERIA--NOMBRE DE PERSONA
Nombre de persona Tutmosis
Numeración III
Títulos y otros términos asociados al nombre Rey de Egipto-
Subdivisión de forma Exposiciones.
9 (RLIN) 111781
651 #4 - PUNTO DE ACCESO ADICIONAL DE MATERIA--NOMBRE GEOGRÁFICO
Nombre geográfico Valle de los Reyes-
Subdivisión general Restos arqueológicos-
Subdivisión de forma Exposiciones.
9 (RLIN) 9513
655 #7 - TERMINO DE INDIZACIÓN--GENERO/FORMA
Fuente del término tgfbne
9 (RLIN) 193628
Datos o término principal de género/forma Catálogos de exposiciones
700 1# - ENTRADA AGREGADA--NOMBRE PERSONAL
Nombre de persona Abt, Theodor,
9 (RLIN) 18182
710 2# - ENTRADA AGREGADA--NOMBRE DE ENTIDAD CORPORATIVA
Nombre de entidad corporativa o nombre de jurisdicción como elemento de entrada Museo Arqueológico Nacional (España)
9 (RLIN) 5827
852 ## - LOCALIZACIÓN
Ubicación ES-MaACL
Número de control de estantería L-28774
942 ## - ELEMENTOS DE ENTRADA SECUNDARIOS (KOHA)
Fuente del sistema de clasificación o colocación Clasificación decimal universal
Holdings
Estatus retirado Estado de pérdida Estado de daño No para préstamo Biblioteca de origen Biblioteca actual Ubicación en estantería Fecha de adquisición Fuente de adquisición Total de préstamos Signatura topográfica completa Código de barras Visto por última vez Precio de reemplazo Tipo de ítem Koha
        Biblioteca del Ateneo de Madrid Biblioteca del Ateneo de Madrid Depósito 2 17/01/2008     L-28774 1095679 23/02/2023 23/02/2023 Libro impreso